National aspirations global ambitions : 1967 - 2007.
| Corporate Author: | |
|---|---|
| Format: | Book |
| Published: |
Kuala Lumpur:
Malaysian Institute of Accountants (MIA),
2007.
|
| Subjects: |
| LEADER | 00531cam a2200157 7i4500 | ||
|---|---|---|---|
| 001 | 0000024325 | ||
| 005 | 20100330090000.0 | ||
| 090 | 0 | 0 | |a M 657.8309595 |b MAL |
| 110 | 2 | 0 | |a Malaysian Institute of Accountants (MIA) |
| 245 | 2 | 0 | |a National aspirations global ambitions : |b 1967 - 2007. |
| 260 | 0 | 0 | |a Kuala Lumpur: |b Malaysian Institute of Accountants (MIA), |c 2007. |
| 300 | # | # | |a 103 p. |
| 650 | 0 | 0 | |a Accounting -- |z Malaysia |
| 650 | 0 | 0 | |a Accountants -- |z Malaysia |
| 651 | 0 | 0 | |a Malaysia |
| 999 | |a 0000026404 |b Book |c Malaysia |e Business Information Centre | ||